Metallurgija i materialovedenije /

Guardado en:
Detalles Bibliográficos
Autores principales: Zimmermann, R (Autor), Günther, K (Autor)
Formato: Libro
Lenguaje:ruso
Publicado: Moskva : Metallurgija, 1982
Materias:
Etiquetas: Agregar Etiqueta
Sin Etiquetas, Sea el primero en etiquetar este registro!

MARC

LEADER 00000nam a22000003a 4500
001 stu45129
005 20150617225715.4
008 951121s1982----xxr-----------------rus-d
040 |a STU  |b slo 
041 0 |a rus 
044 |a xxr 
080 |a 620.22 
080 |a 669.017 
080 |a 669 
100 1 |a Zimmermann, R  |4 aut 
245 1 |a Metallurgija i materialovedenije /  |c [aut.]R. Zimmermann, K. Günther; Z nem. kol 
260 |a Moskva :  |b Metallurgija,  |c 1982 
300 |a 478 s 
650 7 |a materiály  |2 stusub 
650 7 |a náuka  |2 stusub 
650 7 |a metalurgia  |2 stusub 
700 1 |a Günther, K  |4 aut 
996 |b M 21837  |c M*7034-1  |l MMKN  |s A  |a 24  |w stu45129_0001